[Event "Titled Tue 24th Jun Early"]
[Site "chess.com INT"]
[Date "2025.06.24"]
[Round "9"]
[White "Miranda Camus, Joaquin Ignacio"]
[Black "Gavarrete, Nahun"]
[Result "1-0"]
[WhiteTitle "FM"]
[BlackTitle "FM"]
[WhiteElo "2196"]
[BlackElo "2281"]
[WhiteFideId "3449300"]
[BlackFideId "8400709"]
[EventDate "2025.06.24"]

1. c4 e5 2. g3 g6 3. Bg2 Bg7 4. e3 Ne7 5. Ne2 c6 6. d4 d5 7. cxd5 cxd5 8. dxe5
Bxe5 9. Nbc3 Be6 10. Nd4 Nbc6 11. Nxe6 fxe6 12. O-O O-O 13. Qg4 Qd7 14. Rd1 Bxc3
15. bxc3 Ne5 16. Qe2 Nf5 17. e4 Nd6 18. exd5 Nec4 19. dxe6 Qe7 20. Bf4 Rae8 21.
Bd5 g5 22. Bc1 Kg7 23. Bxc4 Qf6 24. Bd5 Nf5 25. Rb1 Ne7 26. Rxb7 Kg6 27. Be4+
Kh6 28. h4 Qxc3 29. Bxg5+ Kg7 30. Qh5 Rxf2 31. Qxh7+ Kf8 32. Bh6+ Qg7 33. Qxg7# 1-0

[Event "Titled Tue 24th Jun Early"]
[Site "chess.com INT"]
[Date "2025.06.24"]
[Round "9"]
[White "Shimanov, Aleksandr"]
[Black "Iskusnyh, Sergei"]
[Result "1-0"]
[WhiteTitle "GM"]
[BlackTitle "GM"]
[WhiteElo "2578"]
[BlackElo "2440"]
[WhiteFideId "4198603"]
[BlackFideId "4120027"]
[EventDate "2025.06.24"]

1. d4 d5 2. c4 c6 3. cxd5 cxd5 4. Nc3 Nf6 5. Bf4 Nc6 6. Nf3 a6 7. Ne5 e6 8. e3
Nxe5 9. Bxe5 Bd6 10. Be2 O-O 11. O-O b5 12. a4 b4 13. Na2 a5 14. Nc1 Bxe5 15.
dxe5 Nd7 16. Qd4 Ba6 17. Bxa6 Rxa6 18. Nb3 Rc6 19. Rac1 Rc4 20. Rxc4 dxc4 21.
Qxc4 Nxe5 22. Qb5 Qf6 23. Nxa5 h5 24. h3 Rd8 25. Nb3 1-0

[Event "Titled Tue 24th Jun Early"]
[Site "chess.com INT"]
[Date "2025.06.24"]
[Round "9"]
[White "Hernandez Leon, Sergio"]
[Black "Ivannikov, Maksim"]
[Result "0-1"]
[WhiteTitle "CM"]
[BlackTitle "CM"]
[WhiteElo "2102"]
[BlackElo "2184"]
[WhiteFideId "2285622"]
[BlackFideId "34275339"]
[EventDate "2025.06.24"]

1. e4 e5 2. Nf3 Nc6 3. d4 exd4 4. Nxd4 Bc5 5. Be3 Qf6 6. c3 Nge7 7. Nc2 Bxe3 8.
Nxe3 O-O 9. Be2 d6 10. O-O Be6 11. Nd2 Rad8 12. Qc2 d5 13. exd5 Nxd5 14. Nxd5
Bxd5 15. Bf3 Ne5 16. Bxd5 Rxd5 17. Ne4 Qg6 18. Qe2 Nd3 19. Rad1 Rfd8 20. c4 Nf4
21. Qf3 Rxd1 22. Qxf4 R1d4 0-1

[Event "Titled Tue 24th Jun Early"]
[Site "chess.com INT"]
[Date "2025.06.24"]
[Round "9"]
[White "Lohia, Sohum"]
[Black "Aarit Kapil"]
[Result "0-1"]
[WhiteTitle "FM"]
[BlackTitle "CM"]
[WhiteElo "2364"]
[BlackElo "2078"]
[WhiteFideId "5819369"]
[BlackFideId "33408947"]
[EventDate "2025.06.24"]

1. e4 c5 2. Nf3 d6 3. Bb5+ Bd7 4. Bxd7+ Qxd7 5. c4 e5 6. Nc3 Nf6 7. d3 Nc6 8.
Bg5 Be7 9. a3 h6 10. Bxf6 Bxf6 11. Nd5 Bd8 12. b4 cxb4 13. axb4 Ne7 14. O-O Nxd5
15. cxd5 O-O 16. d4 exd4 17. Nxd4 Bf6 18. Qd3 Qg4 19. h3 Qh5 20. Rac1 a5 21.
bxa5 Rxa5 22. Nf5 Rd8 23. Rc7 b5 24. Rb1 Rda8 25. Rxb5 Rxb5 26. Qxb5 Ra1+ 27.
Kh2 Be5+ 28. g3 Qf3 29. Qe8+ Kh7 0-1

[Event "Titled Tue 24th Jun Early"]
[Site "chess.com INT"]
[Date "2025.06.24"]
[Round "9"]
[White "Andrade, Ivan"]
[Black "Adhiban, Baskaran"]
[Result "0-1"]
[WhiteTitle "FM"]
[BlackTitle "GM"]
[WhiteElo "2144"]
[BlackElo "2509"]
[WhiteFideId "14800039"]
[BlackFideId "5018471"]
[EventDate "2025.06.24"]

1. e4 c6 2. d4 d5 3. e5 Bf5 4. h4 h6 5. g4 Bd7 6. Be3 c5 7. c3 Nc6 8. f4 Qb6 9.
Rh2 cxd4 10. cxd4 h5 11. gxh5 Nh6 12. Bh3 Bxh3 13. Nxh3 Nf5 14. Bg1 e6 15. Ng5
f6 16. Nxe6 Bb4+ 17. Kf1 Kf7 18. Nc5 Bxc5 19. dxc5 Qb5+ 20. Ke1 Qc4 21. Qd2 fxe5
22. fxe5 Rae8 23. Na3 Rxe5+ 24. Kd1 Qf1+ 25. Kc2 Qxa1 26. Rg2 Rhe8 0-1

[Event "Titled Tue 24th Jun Early"]
[Site "chess.com INT"]
[Date "2025.06.24"]
[Round "9"]
[White "Jimenez Salas, Maria Teresa"]
[Black "Liashkevich, Lizaveta"]
[Result "1-0"]
[WhiteTitle "WIM"]
[BlackTitle "WFM"]
[WhiteElo "2170"]
[BlackElo "2204"]
[WhiteFideId "3843866"]
[BlackFideId "13518658"]
[EventDate "2025.06.24"]

1. e4 e6 2. d4 d5 3. Nc3 Nf6 4. Bg5 Be7 5. e5 Nfd7 6. Bxe7 Qxe7 7. f4 a6 8. Nf3
c5 9. dxc5 Nxc5 10. Bd3 Nc6 11. O-O b5 12. Qd2 Bb7 13. Ne2 f6 14. exf6 Qxf6 15.
c3 Nxd3 16. Qxd3 O-O 17. Nfd4 Ne7 18. Qe3 Bc8 19. Ng3 Bd7 20. Rae1 Nf5 21. Ngxf5
exf5 22. Qe5 Bc6 23. Qxf6 Rxf6 24. Re5 g6 25. Nxc6 Rxc6 26. Rxd5 Re8 27. Rfd1
Rce6 28. Rd8 Re2 29. Rxe8+ Rxe8 30. Rd2 Kf7 31. Kf2 Re4 32. g3 Ke7 33. Re2 Rxe2+
34. Kxe2 Kd6 35. Kd3 Kd5 36. b3 a5 37. c4+ bxc4+ 38. bxc4+ Kc5 39. Kc3 h6 40. h3
g5 41. h4 gxh4 42. gxh4 h5 43. a4 Kc6 44. Kd4 Kd6 45. c5+ Kc6 46. Kc4 Kc7 47.
Kd5 Kd7 48. Ke5 Kc6 49. Kxf5 Kxc5 50. Kg6 Kb4 51. f5 Kxa4 52. f6 Kb3 53. f7 a4
54. f8=Q a3 55. Qf3+ 1-0

[Event "Titled Tue 24th Jun Early"]
[Site "chess.com INT"]
[Date "2025.06.24"]
[Round "9"]
[White "Lopez Rayo, Santiago"]
[Black "Kosteniuk, Alexandra"]
[Result "1-0"]
[WhiteTitle "FM"]
[BlackTitle "GM"]
[WhiteElo "2282"]
[BlackElo "2474"]
[WhiteFideId "4455665"]
[BlackFideId "4128125"]
[EventDate "2025.06.24"]

1. e4 c6 2. d4 d5 3. Nc3 dxe4 4. Nxe4 Nf6 5. Nxf6+ exf6 6. c3 Bd6 7. Bd3 Na6 8.
Qc2 h5 9. Ne2 h4 10. h3 Nc7 11. O-O Nd5 12. a3 Be6 13. c4 Ne7 14. f4 f5 15. b4
Qd7 16. Bb2 O-O 17. d5 cxd5 18. c5 Bc7 19. Nd4 Rfe8 20. Rae1 Ng6 21. Bb5 Qe7 22.
Bxe8 Rxe8 23. Nxf5 Qd7 24. Nxg7 Bxf4 25. Nxe8 Qxe8 26. Qc3 Qf8 27. Rxf4 1-0

[Event "Titled Tue 24th Jun Early"]
[Site "chess.com INT"]
[Date "2025.06.24"]
[Round "9"]
[White "Marchesich, Giovanni"]
[Black "Exposito Milan, Adrian"]
[Result "0-1"]
[WhiteTitle "CM"]
[BlackTitle "FM"]
[WhiteElo "2189"]
[BlackElo "2179"]
[WhiteFideId "2824790"]
[BlackFideId "24556645"]
[EventDate "2025.06.24"]

1. d4 d5 2. Nc3 Nf6 3. Bf4 e6 4. e3 c6 5. g4 Bb4 6. Bd3 Qa5 7. Qd2 Nxg4 8. Nf3
Nf6 9. Rg1 Nh5 10. Bg5 Nd7 11. a3 Bxc3 12. bxc3 c5 13. Be2 h6 14. Bh4 g5 15. Bg3
Nxg3 16. hxg3 Nf6 17. c4 Qxd2+ 18. Nxd2 cxd4 19. exd4 Bd7 20. c5 b6 21. cxb6
axb6 22. c4 O-O 23. Bd3 Ra5 24. Rh1 Kg7 25. Ke2 Rfa8 26. Rab1 Rxa3 27. Rb5 Bxb5 0-1

[Event "Titled Tue 24th Jun Early"]
[Site "chess.com INT"]
[Date "2025.06.24"]
[Round "9"]
[White "Zmijanac, Dusko"]
[Black "Llari, Marc"]
[Result "0-1"]
[WhiteTitle "FM"]
[BlackTitle "FM"]
[WhiteElo "2007"]
[BlackElo "2334"]
[WhiteFideId "908762"]
[BlackFideId "651044269"]
[EventDate "2025.06.24"]

1. d4 d6 2. Nc3 e5 3. e4 exd4 4. Qxd4 Nf6 5. Bg5 Be7 6. O-O-O O-O 7. f4 Re8 8.
Nf3 h6 9. Bh4 Nc6 10. Qd2 Nxe4 11. Nxe4 Bxh4 12. Nxh4 Qxh4 13. g3 Qd8 14. Bg2
Bf5 15. Nc3 Qd7 16. Rhe1 Rxe1 17. Rxe1 Re8 18. Nd5 Rxe1+ 19. Qxe1 Be6 20. c4 Kf8
21. Qc3 Bxd5 22. cxd5 Ne7 23. Qd4 c5 24. dxc6 bxc6 25. b4 Qc7 26. Kb2 d5 27. Qc5
Qb6 28. Kc3 Qxc5+ 29. bxc5 Ke8 30. g4 Kd7 31. Kd4 a5 32. h4 Kc7 33. h5 g6 34. g5
gxh5 35. gxh6 Nf5+ 36. Ke5 Nxh6 37. Bf3 h4 38. Kf6 h3 39. Kg5 d4 40. Kxh6 d3 41.
Kg7 d2 42. Kxf7 h2 43. f5 d1=Q 44. Bxd1 h1=Q 45. Bb3 Qh7+ 46. Kf6 Qh8+ 47. Kg6
Qf8 48. f6 Kd7 0-1

[Event "Titled Tue 24th Jun Early"]
[Site "chess.com INT"]
[Date "2025.06.24"]
[Round "9"]
[White "Henriquez Villagra, Cristobal"]
[Black "Kravtsiv, Martyn"]
[Result "1-0"]
[WhiteTitle "GM"]
[BlackTitle "GM"]
[WhiteElo "2597"]
[BlackElo "2598"]
[WhiteFideId "3409350"]
[BlackFideId "14113147"]
[EventDate "2025.06.24"]

1. d4 d5 2. c3 b6 3. Nd2 Bb7 4. Ngf3 Nf6 5. e3 e6 6. Bd3 Bd6 7. Ne5 O-O 8. O-O
Nbd7 9. f4 Ne4 10. Nxe4 dxe4 11. Bc4 Qe7 12. Bd2 c5 13. Be1 Rac8 14. Bb5 Nxe5
15. fxe5 Bb8 16. Qh5 a6 17. Bh4 f6 18. exf6 gxf6 19. Be2 Qg7 20. Bc4 Qe7 21.
Bxf6 Rxf6 22. Qg5+ Kh8 23. Qxf6+ Qxf6 24. Rxf6 cxd4 25. Bxe6 Re8 26. cxd4 1-0

[Event "Titled Tue 24th Jun Early"]
[Site "chess.com INT"]
[Date "2025.06.24"]
[Round "9"]
[White "Yatskar, Martin"]
[Black "Gustafsson, Jan"]
[Result "0-1"]
[WhiteTitle "CM"]
[BlackTitle "GM"]
[WhiteElo "2225"]
[BlackElo "2591"]
[WhiteFideId "34109676"]
[BlackFideId "4625498"]
[EventDate "2025.06.24"]

1. d4 d5 2. c4 c5 3. cxd5 Qxd5 4. Nf3 cxd4 5. Nc3 Qa5 6. Nxd4 Nf6 7. Bd2 e5 8.
Ndb5 Qb6 9. Be3 Bc5 10. Bxc5 Qxc5 11. b4 Qb6 12. e3 Nc6 13. Na4 Qd8 14. Qxd8+
Kxd8 15. O-O-O+ Ke7 16. a3 Ne4 17. Nc7 Rb8 18. Nd5+ Kf8 19. b5 Nxf2 20. bxc6
bxc6 21. Nc7 Ke7 22. Bc4 Nxh1 23. Rxh1 Rd8 24. Nc5 Rb6 25. Rf1 f6 26. N7e6 Bxe6
27. Nxe6 Rdb8 28. Nc5 Rb1+ 29. Kc2 R8b2+ 30. Kc3 Rxf1 31. Bxf1 Rf2 32. Bd3 Rxg2
33. Be4 Rxh2 34. Bxc6 Kd6 0-1

[Event "Titled Tue 24th Jun Early"]
[Site "chess.com INT"]
[Date "2025.06.24"]
[Round "9"]
[White "Aarav Sinha"]
[Black "Burmakin, Evgeniy"]
[Result "1-0"]
[WhiteTitle "FM"]
[BlackTitle "FM"]
[WhiteElo "2255"]
[BlackElo "2110"]
[WhiteFideId "25674064"]
[BlackFideId "4163729"]
[EventDate "2025.06.24"]

1. d4 Nf6 2. Bf4 g6 3. Nc3 d5 4. e3 Bg7 5. h4 h5 6. Nb5 Na6 7. Nf3 c6 8. Nc3 O-O
9. Ne5 Ng4 10. Nxg4 Bxg4 11. f3 Bf5 12. g4 hxg4 13. fxg4 Be6 14. h5 Qd7 15. Be2
c5 16. hxg6 fxg6 17. Qd3 Bf7 18. a3 Rac8 19. O-O-O cxd4 20. exd4 Nc7 21. Be5 Ne6
22. Qh3 Ng5 23. Qh8+ Bxh8 24. Rxh8# 1-0

[Event "Titled Tue 24th Jun Early"]
[Site "chess.com INT"]
[Date "2025.06.24"]
[Round "9"]
[White "Shapiro, Daniel"]
[Black "Shangin, Lev"]
[Result "0-1"]
[WhiteTitle "FM"]
[WhiteElo "2284"]
[BlackElo "2169"]
[WhiteFideId "2001780"]
[BlackFideId "55681085"]
[EventDate "2025.06.24"]

1. d4 Nf6 2. c4 e6 3. g3 Bb4+ 4. Bd2 Be7 5. Bg2 d5 6. Qc2 O-O 7. Nf3 c6 8. O-O
b6 9. Bf4 Bb7 10. Nc3 Nbd7 11. b3 Rc8 12. Rfd1 c5 13. dxc5 Bxc5 14. Ne5 Nxe5 15.
Bxe5 Bxf2+ 16. Kxf2 Ng4+ 17. Kg1 Nxe5 18. cxd5 exd5 19. Qd2 Qf6 20. Nxd5 Bxd5
21. Bxd5 Rcd8 22. Kg2 Ng4 23. Bxf7+ Qxf7 24. Qxd8 Ne3+ 25. Kg1 Qf2+ 0-1

[Event "Titled Tue 24th Jun Early"]
[Site "chess.com INT"]
[Date "2025.06.24"]
[Round "9"]
[White "Samunenkov, Ihor"]
[Black "Andreikin, Dmitry"]
[Result "0-1"]
[WhiteTitle "GM"]
[BlackTitle "GM"]
[WhiteElo "2562"]
[BlackElo "2695"]
[WhiteFideId "14187086"]
[BlackFideId "4158814"]
[EventDate "2025.06.24"]

1. e4 c5 2. Nf3 Nc6 3. Bb5 Nf6 4. Nc3 g6 5. e5 Ng4 6. Bxc6 dxc6 7. h3 Nh6 8. O-O
Nf5 9. d3 Bg7 10. Re1 O-O 11. a4 b6 12. Bf4 Nd4 13. Ne4 Bf5 14. Ng3 Be6 15. Nxd4
cxd4 16. Qd2 Re8 17. Bh6 Bh8 18. f4 Qd7 19. Rf1 Bd5 20. Rae1 f5 21. exf6 exf6
22. f5 c5 23. b3 Qd6 24. Ne4 Qc6 25. Qf4 Re5 26. fxg6 hxg6 27. Nxf6+ Qxf6 28.
Qxe5 Qxe5 29. Rxe5 Bxe5 30. Re1 Bd6 31. Kf1 Bf7 32. g4 Re8 0-1

[Event "Titled Tue 24th Jun Early"]
[Site "chess.com INT"]
[Date "2025.06.24"]
[Round "9"]
[White "Dovgaliuk, Oleksandr"]
[Black "Pontes, Luiz Felizola Lima"]
[Result "0-1"]
[WhiteElo "2190"]
[BlackElo "2062"]
[WhiteFideId "14167247"]
[BlackFideId "44709919"]
[EventDate "2025.06.24"]

1. e4 c5 2. Nf3 e6 3. d4 cxd4 4. Nxd4 Nc6 5. Nc3 Qc7 6. Be2 a6 7. Qd3 Nxd4 8.
Qxd4 Nf6 9. g4 Bc5 10. Qd3 d6 11. g5 Nd7 12. f4 b5 13. a3 Bb7 14. b4 Ba7 15. Bb2
Rc8 16. O-O-O d5 17. exd5 exd5 18. Bg4 Qxf4+ 19. Kb1 Qxg4 20. Rde1+ Kf8 21. Nxd5
Qc4 22. Nf6 Qxd3 23. cxd3 gxf6 0-1

[Event "Titled Tue 24th Jun Early"]
[Site "chess.com INT"]
[Date "2025.06.24"]
[Round "9"]
[White "Ugarte Soto, Cesar"]
[Black "Dreelinck, Jacob"]
[Result "1-0"]
[WhiteTitle "CM"]
[BlackTitle "FM"]
[WhiteElo "2088"]
[BlackElo "2266"]
[WhiteFideId "3601331"]
[BlackFideId "250511"]
[EventDate "2025.06.24"]

1. d4 Nf6 2. Bg5 d5 3. Bxf6 exf6 4. g3 Be6 5. Bg2 c6 6. e3 Nd7 7. Ne2 f5 8. Nd2
Bd6 9. O-O O-O 10. Rc1 Nf6 11. c4 dxc4 12. Nxc4 Bd5 13. Nxd6 Qxd6 14. Nc3 Bxg2
15. Kxg2 Ne4 16. Nxe4 fxe4 17. Qc2 Qd5 18. Qc4 Qf5 19. Qe2 Rfe8 20. Rc5 Qe6 21.
b4 Rad8 22. Rfc1 Rd5 23. Rxd5 Qxd5 24. Rc5 Qd7 25. h3 g6 26. Qg4 Qd6 27. Qf4
Qxf4 28. gxf4 f5 29. b5 cxb5 30. Rxb5 Re7 31. a4 Kf7 32. h4 Rc7 33. a5 Ke6 34.
Kg3 Kd6 35. h5 1-0

[Event "Titled Tue 24th Jun Early"]
[Site "chess.com INT"]
[Date "2025.06.24"]
[Round "9"]
[White "Milare, Tyron"]
[Black "Arya G Mallar"]
[Result "1-0"]
[WhiteTitle "FM"]
[BlackTitle "WCM"]
[WhiteElo "2248"]
[BlackElo "2000"]
[WhiteFideId "12987018"]
[BlackFideId "25115324"]
[EventDate "2025.06.24"]

1. d4 Nf6 2. Nf3 g6 3. g3 Bg7 4. Bg2 O-O 5. O-O d5 6. Re1 c5 7. dxc5 Qc7 8. b4
a5 9. c3 axb4 10. cxb4 Ne4 11. Qxd5 Bxa1 12. Qxe4 Bf5 13. Qh4 Bxb1 14. Bh6 Bg7
15. Ng5 Bf5 16. Bxg7 Kxg7 17. Qxh7+ Kf6 18. Qh4 Kg7 19. Qh7+ Kf6 20. Qh6 Nc6 21.
Nh7+ Ke6 22. Nxf8+ Kf6 23. Nh7+ Ke6 24. Ng5+ Kf6 25. e4 Qe5 26. Nh7+ 1-0

[Event "Titled Tue 24th Jun Early"]
[Site "chess.com INT"]
[Date "2025.06.24"]
[Round "9"]
[White "Berg, Vadim Daskevich"]
[Black "Radchenko, Alexey"]
[Result "1-0"]
[WhiteTitle "IM"]
[BlackTitle "FM"]
[WhiteElo "2445"]
[BlackElo "2290"]
[WhiteFideId "11601965"]
[BlackFideId "4192362"]
[EventDate "2025.06.24"]

1. e4 c6 2. d4 d5 3. exd5 cxd5 4. Bd3 Nc6 5. c3 Nf6 6. h3 e5 7. dxe5 Nxe5 8. Nf3
Bd6 9. Nxe5 Bxe5 10. Nd2 O-O 11. Nf3 Bc7 12. O-O h6 13. Be3 Re8 14. Bd4 Ne4 15.
Nd2 Qd6 16. Nf3 Ng5 17. g3 Bxh3 18. Nxg5 Bxf1 19. Bh7+ Kf8 20. b4 Bb6 21. Nxf7
Kxf7 22. Qf3+ Ke7 23. Bxb6 axb6 24. Kxf1 Kd7 25. Rd1 Re5 26. Qf7+ Kc6 27. Bd3 b5
28. Qxg7 Rxa2 29. c4 bxc4 30. Bxc4 Rf5 31. Bxa2 b5 32. Rc1+ Kb6 33. Qd4+ Ka6 34.
Bb3 Qxg3 35. Ra1+ Kb7 36. Bxd5+ Kc7 37. Ra7+ Kd6 38. Be4+ Rd5 39. Qxd5# 1-0

[Event "Titled Tue 24th Jun Early"]
[Site "chess.com INT"]
[Date "2025.06.24"]
[Round "9"]
[White "Araujo Filho, Luiz Antonio Coel"]
[Black "Cherukuri, Nitesh"]
[Result "0-1"]
[BlackTitle "CM"]
[WhiteElo "2077"]
[BlackElo "2171"]
[WhiteFideId "2130661"]
[BlackFideId "30978688"]
[EventDate "2025.06.24"]

1. d4 Nf6 2. Nf3 g6 3. c4 Bg7 4. Nc3 d6 5. e4 O-O 6. Be2 a5 7. O-O Nc6 8. Qc2 e5
9. dxe5 dxe5 10. Rd1 Nd4 11. Nxd4 exd4 12. Na4 Qe8 13. Rxd4 Bd7 14. Nc3 Bc6 15.
f3 Qe7 16. Rd1 Rfd8 17. Be3 Nd7 18. Nd5 Bxd5 19. cxd5 Ne5 20. Rac1 c6 21. Bb6
Rd7 22. Bc5 Qe8 23. dxc6 Nxc6 24. Bb5 Rxd1+ 25. Rxd1 Qe5 26. b3 h5 27. Bd6 Qxb5 0-1

[Event "Titled Tue 24th Jun Early"]
[Site "chess.com INT"]
[Date "2025.06.24"]
[Round "9"]
[White "Sitnic, Adnan"]
[Black "Terletsky, Oleg"]
[Result "0-1"]
[WhiteTitle "CM"]
[BlackTitle "IM"]
[WhiteElo "2058"]
[BlackElo "2160"]
[WhiteFideId "14403854"]
[BlackFideId "14116774"]
[EventDate "2025.06.24"]

1. e4 e5 2. Nf3 Nc6 3. Bb5 a6 4. Ba4 Nf6 5. O-O Be7 6. Re1 b5 7. Bb3 d6 8. h3
O-O 9. c3 Bb7 10. d4 Re8 11. Nbd2 Bf8 12. Bc2 Nb8 13. d5 c6 14. dxc6 Bxc6 15. a4
Nbd7 16. axb5 axb5 17. Rxa8 Qxa8 18. Qe2 Nc5 19. b4 Ne6 20. Nf1 Nf4 21. Qe3 d5
22. Nxe5 Nxg2 23. Kxg2 Rxe5 24. f4 Re8 25. Ng3 Nxe4 26. Nxe4 dxe4 27. Kh2 Qd8
28. Rg1 Qf6 29. Rg5 Bd6 30. Qg3 e3 31. Rf5 Qg6 32. Rg5 Qxc2+ 33. Kg1 Qxc1+ 0-1

[Event "Titled Tue 24th Jun Early"]
[Site "chess.com INT"]
[Date "2025.06.24"]
[Round "9"]
[White "Hartge, Gedeon"]
[Black "Watanabe, Akira"]
[Result "1-0"]
[WhiteTitle "FM"]
[BlackTitle "FM"]
[WhiteElo "2328"]
[BlackElo "2284"]
[WhiteFideId "12932116"]
[BlackFideId "7000227"]
[EventDate "2025.06.24"]

1. e4 c5 2. Nc3 e6 3. Nf3 Nc6 4. d4 cxd4 5. Nxd4 d6 6. Be3 a6 7. f4 Nf6 8. Qf3
Qc7 9. O-O-O Be7 10. h3 O-O 11. g4 Nxd4 12. Bxd4 b5 13. g5 Nd7 14. Bd3 Bb7 15.
Kb1 e5 16. Be3 exf4 17. Bxf4 Ne5 18. Qg3 Rfe8 19. h4 b4 20. Nd5 Bxd5 21. exd5 a5
22. h5 g6 23. hxg6 fxg6 24. Bxe5 dxe5 25. Bxg6 hxg6 26. Qh3 1-0

[Event "Titled Tue 24th Jun Early"]
[Site "chess.com INT"]
[Date "2025.06.24"]
[Round "9"]
[White "Salim Mohammed, Salim Al Amri"]
[Black "Babayeva, Nasrin"]
[Result "1-0"]
[WhiteTitle "FM"]
[BlackTitle "WFM"]
[WhiteElo "1976"]
[BlackElo "1936"]
[WhiteFideId "22000089"]
[BlackFideId "13416626"]
[EventDate "2025.06.24"]

1. e4 e5 2. Nf3 Nc6 3. d4 exd4 4. Nxd4 Bc5 5. Be3 Qf6 6. Nb5 Bxe3 7. fxe3 Qh4+
8. g3 Qxe4 9. Nxc7+ Kd8 10. Nxa8 Qxh1 11. Qd6 Nf6 12. Nd2 Re8 13. O-O-O Qd5 14.
Qc7+ Ke7 15. Nc4 Qe6 16. Nd6 Nd5 17. Nxc8+ Rxc8 18. Qxc8 Qxe3+ 19. Kb1 Qf3 20.
Rc1 Ne3 21. Bb5 Ne5 22. Qc5+ d6 23. Qc7+ Ke6 24. Qc8+ Kf6 25. Nc7 1-0

[Event "Titled Tue 24th Jun Early"]
[Site "chess.com INT"]
[Date "2025.06.24"]
[Round "9"]
[White "Klepek, Witold"]
[Black "Newansa, M Esandi"]
[Result "1-0"]
[WhiteTitle "CM"]
[BlackTitle "WCM"]
[WhiteElo "2253"]
[BlackElo "1945"]
[WhiteFideId "1175068"]
[BlackFideId "9999060"]
[EventDate "2025.06.24"]

1. c4 c6 2. Nf3 d5 3. g3 Nf6 4. Bg2 dxc4 5. Qc2 b5 6. a4 Bb7 7. Na3 a6 8. O-O e6
9. Ne5 Qc7 10. d4 Bd6 11. f4 Nd5 12. e4 Nb4 13. Qe2 Nd7 14. Bd2 Nxe5 15. fxe5
Be7 16. Qg4 g6 17. b3 cxb3 18. Rac1 Qb6 19. Be3 Nd3 20. Rc3 Bxa3 21. Rxd3 h5 22.
Qf4 Qc7 23. axb5 axb5 24. Rxb3 Be7 25. Qxf7+ Kd8 26. Qxe6 Bc8 27. Qxg6 Ra3 28.
Rxa3 Bxa3 29. Bg5+ Be7 30. Rf7 Re8 31. Bxe7+ Rxe7 32. Qg8+ Kd7 33. e6+ Kd6 34.
e5+ Kxe6 35. Rf6+ Kd7 36. Bh3+ 1-0

[Event "Titled Tue 24th Jun Early"]
[Site "chess.com INT"]
[Date "2025.06.24"]
[Round "9"]
[White "Herman, Daniel"]
[Black "Oppezzo, Sebastian"]
[Result "1-0"]
[WhiteElo "1920"]
[BlackElo "2177"]
[WhiteFideId "30935008"]
[BlackFideId "112321"]
[EventDate "2025.06.24"]

1. Nf3 g6 2. e4 Bg7 3. d4 d6 4. Bc4 Nf6 5. Qe2 e6 6. Bb3 O-O 7. Bg5 h6 8. Bh4
Qd7 9. e5 Nd5 10. O-O b6 11. c4 Nb4 12. Nc3 Bb7 13. Ne4 Bxe4 14. Qxe4 d5 15.
cxd5 Nxd5 16. Rac1 c6 17. Bg3 Rd8 18. h4 Na6 19. h5 g5 20. Bc2 Nab4 21. Qh7+ Kf8
22. Nxg5 Nxc2 23. Rxc2 Ne7 24. Rd2 Nf5 25. Ne4 Ke7 26. Nd6 Rh8 27. Nxf5+ exf5
28. Qxg7 Qe6 29. d5 cxd5 30. Bh4+ 1-0

[Event "Titled Tue 24th Jun Early"]
[Site "chess.com INT"]
[Date "2025.06.24"]
[Round "9"]
[White "Chitre Arush"]
[Black "Harshavardhan, G B"]
[Result "0-1"]
[WhiteTitle "CM"]
[BlackTitle "IM"]
[WhiteElo "2151"]
[BlackElo "2472"]
[WhiteFideId "25959026"]
[BlackFideId "25059009"]
[EventDate "2025.06.24"]

1. d4 Nf6 2. Bf4 c5 3. e3 Qb6 4. Na3 d5 5. Nb5 Na6 6. c3 Bd7 7. a4 e6 8. Nf3 Be7
9. Be2 O-O 10. Ne5 Be8 11. O-O Ne4 12. f3 Nd6 13. a5 Qd8 14. Nxd6 Bxd6 15. Qc2
Rc8 16. Bd3 h6 17. Qf2 f6 18. Ng4 h5 19. Nh6+ Kh8 20. Ng4 g5 21. Nxf6 gxf4 22.
Nxe8 Qxe8 23. exf4 c4 24. Bc2 Bxf4 25. Rfe1 Qf7 26. Qh4 Rg8 27. Kh1 Nc7 28. g3
Bg5 29. Qh3 Qxf3+ 30. Kg1 Be3+ 31. Rxe3 Qxe3+ 32. Kh1 Qf3+ 33. Kg1 Rcf8 34. Rd1 0-1

[Event "Titled Tue 24th Jun Early"]
[Site "chess.com INT"]
[Date "2025.06.24"]
[Round "9"]
[White "Howell, David W L"]
[Black "Salinas Herrera, Pablo"]
[Result "1-0"]
[WhiteTitle "GM"]
[BlackTitle "GM"]
[WhiteElo "2668"]
[BlackElo "2447"]
[WhiteFideId "410608"]
[BlackFideId "3407128"]
[EventDate "2025.06.24"]

1. e4 d6 2. Nc3 Nf6 3. f4 g6 4. Nf3 Bg7 5. d4 O-O 6. Be3 Nc6 7. e5 Ne8 8. Bc4
Bg4 9. h3 Bxf3 10. Qxf3 a6 11. O-O-O Na5 12. Bd3 b5 13. h4 f5 14. h5 e6 15. g4
Rb8 16. gxf5 gxf5 17. h6 Bh8 18. d5 b4 19. Rhg1+ Kf7 20. dxe6+ Kxe6 21. Qd5+ Ke7
22. Qxa5 bxc3 23. Qxc3 Qc8 24. Bc4 Qb7 25. Bb3 1-0

[Event "Titled Tue 24th Jun Early"]
[Site "chess.com INT"]
[Date "2025.06.24"]
[Round "9"]
[White "Makarian, Rudik"]
[Black "Sahib, Singh"]
[Result "1-0"]
[WhiteTitle "IM"]
[BlackTitle "FM"]
[WhiteElo "2524"]
[BlackElo "2407"]
[WhiteFideId "44105681"]
[BlackFideId "25618342"]
[EventDate "2025.06.24"]

1. d4 Nf6 2. Nf3 e6 3. c4 d5 4. g3 dxc4 5. Bg2 a6 6. O-O Nc6 7. e3 Rb8 8. Nfd2
e5 9. Bxc6+ bxc6 10. dxe5 Ng4 11. Nf3 Qxd1 12. Rxd1 Be6 13. h3 Bd5 14. Rxd5 cxd5
15. hxg4 Bb4 16. Nc3 Bxc3 17. bxc3 c5 18. Ba3 Rb5 19. e4 dxe4 20. Nd2 Kd7 21.
Nxe4 Kc6 22. Rd1 Ra5 23. Rd6+ Kb7 24. Bxc5 Rxa2 25. Bd4 Kc7 26. Bb6+ Kc8 27. Bd4
Kc7 28. e6 fxe6 29. Rxe6 a5 30. Be5+ Kc8 31. Ra6 Rd8 32. Nc5 1-0